2022 NFL Draft - Statistics

General Stats
  • This quiz has been taken 35 times
  • The average score is 68 of 262
Answer Stats
Round Pick Number NFL Team Player Position College % Correct
1 2 DetroitLions Aidan Hutchinson DE Michigan
96%
1 4 New YorkJets Sauce Gardner CB Cincinnati
96%
1 1 JacksonvilleJaguars Travon Walker DE Georgia
92%
1 11 New Orleans Saints Chris Olave WR Ohio State
88%
4 141 Baltimore Ravens Damarion Williams CB Houston
88%
1 3 HoustonTexans Derek Stingley Jr. CB LSU
88%
1 8 Atlanta Falcons Drake London WR USC
88%
1 10 New York Jets Garrett Wilson WR Ohio State
88%
1 12 Detroit Lions Jameson Williams WR Alabama
88%
4 135 Kansas City Chiefs Joshua Williams CB Fayetteville State
88%
2 41 Seattle Seahawks Kenneth Walker III RB Michigan State
88%
5 164 Los Angeles Rams Kyren Williams RB Notre Dame
88%
1 22 Green Bay Packers Quay Walker LB Georgia
88%
7 249 Green Bay Packers Rasheed Walker OT Penn State
88%
2 56 Dallas Cowboys Sam Williams DE Ole Miss
88%
1 20 Pittsburgh Steelers Kenny Pickett QB Pittsburgh
84%
1 14 Baltimore Ravens Kyle Hamilton S Notre Dame
84%
1 16 WashingtonCommanders Jahan Dotson WR Penn State
80%
1 13 Philadelphia Eagles Jordan Davis DT Georgia
76%
1 5 New YorkGiants Kayvon Thibodeaux DE Oregon
76%
1 21 Kansas City Chiefs Trent McDuffie CB Washington
76%
1 18 Tennessee Titans Treylon Burks WR Arkansas
76%
1 24 Dallas Cowboys Tyler Smith OT Tulsa
76%
4 120 Carolina Panthers Brandon Smith LB Penn State
72%
1 9 Seattle Seahawks Charles Cross OT Mississippi State
72%
1 7 New York Giants Evan Neal OT Alabama
72%
4 119 Baltimore Ravens Jalyn Armour-Davis CB Alabama
72%
6 220 San Francisco 49ers Kalia Davis DT UCF
72%
6 215 Arizona Cardinals Lecitus Smith OG Virginia Tech
72%
5 158 Seattle Seahawks Tyreke Smith DE Ohio State
72%
5 159 Indianapolis Colts Eric Johnson DT Missouri State
68%
1 26 New York Jets Jermaine Johnson II DE Florida State
68%
6 181 Philadelphia Eagles Kyron Johnson DE Kansas
68%
7 259 Kansas City Chiefs Nazeeh Johnson S Marshall
68%
3 96 Indianapolis Colts Nick Cross S Maryland
68%
1 17 Los Angeles Chargers Zion Johnson OG Boston College
68%
1 25 Baltimore Ravens Tyler Linderbaum C Iowa
60%
2 34 Green Bay Packers Christian Watson WR North Dakota State
56%
7 243 Kansas City Chiefs Jaylen Watson CB Washington State
56%
7 226 Chicago Bears Ja'Tyre Carter OT Southern
52%
1 15 Houston Texans Kenyon Green OG Texas A&M
52%
3 95 Cincinnati Bengals Zachary Carter DT Florida
52%
1 29 New England Patriots Cole Strange OG Chattanooga
48%
5 168 Chicago Bears Braxton Jones OT Southern Utah
44%
2 36 New York Jets Breece Hall RB Iowa State
44%
3 98 WashingtonCommanders Brian Robinson Jr. RB Alabama
44%
3 74 Atlanta Falcons Desmond Ridder QB Cincinnati
44%
5 174 Chicago Bears Dominique Robinson DE Miami (OH)
44%
1 30 Kansas City Chiefs George Karlaftis DE Purdue
44%
1 6 CarolinaPanthers Ikem Ekwonu OT NC State
44%
4 121 New England Patriots Jack Jones CB Arizona State
44%
2 33 Tampa Bay Buccaneers Logan Hall DE Houston
44%
3 85 New England Patriots Marcus Jones CB Houston
44%
7 225 Pittsburgh Steelers Mark Robinson LB Ole Miss
44%
4 132 Green Bay Packers Romeo Doubs WR Nevada
44%
5 144 WashingtonCommanders Sam Howell QB North Carolina
44%
3 76 Baltimore Ravens Travis Jones NT UConn
44%
1 19 New Orleans Saints Trevor Penning OT Northern Iowa
44%
3 71 Chicago Bears Velus Jones Jr. WR Tennessee
44%
2 43 New York Giants Wan'Dale Robinson WR Kentucky
44%
2 53 Indianapolis Colts Alec Pierce WR Cincinnati
40%
7 262 San Francisco 49ers Brock Purdy QB Iowa State
40%
2 62 Kansas City Chiefs Bryan Cook S Cincinnati
40%
4 107 Houston Texans Dameon Pierce RB Florida
40%
4 129 Dallas Cowboys Jake Ferguson TE Wisconsin
40%
2 63 Buffalo Bills James Cook RB Georgia
40%
3 91 Tampa Bay Buccaneers Rachaad White RB Arizona State
40%
4 122 Las Vegas Raiders Zamir White RB Georgia
40%
4 137 New England Patriots Bailey Zappe QB Western Kentucky
36%
4 106 Tampa Bay Buccaneers Cade Otton TE Washington
36%
2 52 Pittsburgh Steelers George Pickens WR Georgia
36%
5 156 Cleveland Browns Jerome Ford RB Cincinnati
36%
7 234 Green Bay Packers Jonathan Ford DT Miami (FL)
36%
1 23 Buffalo Bills Kaiir Elam CB Florida
36%
3 86 Tennessee Titans Malik Willis QB Liberty
36%
3 94 Carolina Panthers Matt Corral QB Ole Miss
36%
2 54 Kansas City Chiefs Skyy Moore WR Western Michigan
36%
5 153 Seattle Seahawks Tariq Woolen CB UTSA
36%
4 112 New York Giants Daniel Bellinger TE San Diego State
32%
5 167 Dallas Cowboys DaRon Bland CB Fresno State
32%
3 99 Cleveland Browns David Bell WR Purdue
32%
1 31 Cincinnati Bengals Daxton Hill S Michigan
32%
1 27 Jacksonville Jaguars Devin Lloyd LB Utah
32%
4 139 Baltimore Ravens Isaiah Likely TE Coastal Carolina
32%
2 44 Houston Texans John Metchie III WR Alabama
32%
5 148 Buffalo Bills Khalil Shakir WR Boise State
32%
1 32 Minnesota Vikings Lewis Cine S Georgia
32%
2 55 ArizonaCardinals Trey McBride TE Colorado State
32%
7 250 Las Vegas Raiders Brittain Brown RB UCLA
28%
4 138 Pittsburgh Steelers Calvin Austin WR Memphis
28%
3 87 Arizona Cardinals Cameron Thomas DE San Diego State
28%
3 75 Houston Texans Christian Harris LB Alabama
28%
1 28 Green Bay Packers Devonte Wyatt DT Georgia
28%
7 223 Cleveland Browns Isaiah Thomas DE Oklahoma
28%
5 177 Detroit Lions James Mitchell TE Virginia Tech
28%
3 101 New York Jets Jeremy Ruckert TE Ohio State
28%
6 183 New England Patriots Kevin Harris RB South Carolina
28%
4 111 New York Jets Max Mitchell OT Louisiana
28%
7 222 Jacksonville Jaguars Montaric Brown CB Arkansas
28%
7 239 Indianapolis Colts Rodney Thomas II S Yale
28%
2 50 New England Patriots Tyquan Thornton WR Baylor
28%
6 186 Chicago Bears Zachary Thomas OT San Diego State
28%
4 124 ClevelandBrowns Cade York K LSU
24%
4 143 Tennessee Titans Chigoziem Okonkwo TE Maryland
24%
4 109 Seattle Seahawks Coby Bryant CB Cincinnati
24%
5 161 New Orleans Saints D'Marco Jackson LB Appalachian State
24%
2 61 San Francisco 49ers Drake Jackson DE USC
24%
3 80 Denver Broncos Greg Dulcich TE UCLA
24%
4 131 Tennessee Titans Hassan Haskins RB Michigan
24%
2 37 Houston Texans Jalen Pitre S Baylor
24%
2 48 Chicago Bears Jaquan Brisker S Penn State
24%
6 194 New Orleans Saints Jordan Jackson DT Air Force
24%
6 204 Tennessee Titans Theo Jackson S Tennessee
24%
5 151 Atlanta Falcons Tyler Allgeier RB BYU
24%
2 49 New Orleans Saints Alontae Taylor CB Tennessee
20%
2 42 Minnesota Vikings Andrew Booth Jr. CB Clemson
20%
7 251 Kansas City Chiefs Isiah Pacheco RB Rutgers
20%
6 214 Los Angeles Chargers Ja'Sir Taylor CB Wake Forest
20%
3 73 Indianapolis Colts Jelani Woods TE Virginia
20%
3 79 Los Angeles Chargers JT Woods S Baylor
20%
6 202 Cleveland Browns Michael Woods II WR Oklahoma
20%
2 35 Tennessee Titans Roger McCreary CB Auburn
20%
7 247 Miami Dolphins Skylar Thompson QB Kansas State
20%
5 169 MinnesotaVikings Ty Chandler RB North Carolina
20%
4 140 Green Bay Packers Zach Tom OG Wake Forest
20%
7 229 Seattle Seahawks Bo Melton WR Rutgers
16%
2 40 Seattle Seahawks Boye Mafe DE Minnesota
16%
2 60 Cincinnati Bengals Cam Taylor-Britt CB Nebraska
16%
6 208 Pittsburgh Steelers Connor Heyward TE Michigan State
16%
3 81 New York Giants Cordale Flott CB LSU
16%
4 115 Denver Broncos Damarri Mathis CB Pittsburgh
16%
2 45 Baltimore Ravens David Ojabo OLB Michigan
16%
3 88 Dallas Cowboys Jalen Tolbert WR South Alabama
16%
3 103 Kansas City Chiefs Leo Chenal LB Wisconsin
16%
3 68 Cleveland Browns Martin Emerson CB Mississippi State
16%
5 162 Denver Broncos Montrell Washington WR Samford
16%
2 64 Denver Broncos Nik Bonitto OLB Oklahoma
16%
2 47 WashingtonCommanders Phidarian Mathis DT Alabama
16%
4 127 New England Patriots Pierre Strong Jr. RB South Dakota State
16%
3 92 Green Bay Packers Sean Rhyan OG UCLA
16%
3 89 Buffalo Bills Terrel Bernard LB Baylor
16%
5 166 Cincinnati Bengals Tycen Anderson S Toledo
16%
3 72 Seattle Seahawks Abraham Lucas OT Washington State
12%
2 51 Philadelphia Eagles Cam Jurgens C Nebraska
12%
3 70 Jacksonville Jaguars Chad Muma LB Wyoming
12%
6 219 Tennessee Titans Chance Campbell LB Ole Miss
12%
4 128 Baltimore Ravens Charlie Kolar TE Iowa State
12%
7 237 Detroit Lions Chase Lucas CB Arizona State
12%
7 241 Pittsburgh Steelers Chris Oladokun QB South Dakota State
12%
4 142 Los Angeles Rams Cobie Durant CB South Carolina State
12%
5 149 WashingtonCommanders Cole Turner TE Nevada
12%
5 176 Dallas Cowboys Damone Clark LB LSU
12%
4 110 Baltimore Ravens Daniel Faalele OT Minnesota
12%
7 233 Seattle Seahawks Dareke Young WR Lenoir–Rhyne
12%
2 59 Minnesota Vikings Ed Ingram OG LSU
12%
6 191 Minnesota Vikings Jalen Nailor WR Michigan State
12%
4 130 Baltimore Ravens Jordan Stout P Penn State
12%
6 201 Arizona Cardinals Keaontay Ingram RB USC
12%
3 97 Detroit Lions Kerby Joseph S Illinois
12%
5 179 Green Bay Packers Kingsley Enagbare DE South Carolina
12%
6 180 Buffalo Bills Matt Araiza P San Diego State
12%
3 100 Arizona Cardinals Myjai Sanders DE Cincinnati
12%
3 83 Philadelphia Eagles Nakobe Dean LB Georgia
12%
3 69 Tennessee Titans Nicholas Petit-Frere OT Ohio State
12%
7 258 Green Bay Packers Samori Toure WR Nebraska
12%
5 154 Jacksonville Jaguars Snoop Conner RB Ole Miss
12%
4 118 Minnesota Vikings Akayleb Evans CB Missouri
8%
3 78 Cleveland Browns Alex Wright DE UAB
8%
2 38 Atlanta Falcons Arnold Ebiketie DE Penn State
8%
3 77 Indianapolis Colts Bernhard Raimann OT Central Michigan
8%
7 230 WashingtonCommanders Chris Paul OG Tulsa
8%
6 185 Buffalo Bills Christian Benford CB Villanova
8%
7 240 WashingtonCommanders Christian Holmes CB Oklahoma State
8%
4 114 New York Giants Dane Belton S Iowa
8%
3 105 San Francisco 49ers Danny Gray WR SMU
8%
3 90 Las Vegas Raiders Dylan Parham OG Memphis
8%
4 125 Miami Dolphins Erik Ezukanma WR Texas Tech
8%
6 198 Philadelphia Eagles Grant Calcaterra TE SMU
8%
4 123 Los Angeles Chargers Isaiah Spiller RB Texas A&M
8%
4 133 Tampa Bay Buccaneers Jake Camarda P Georgia
8%
6 213 Atlanta Falcons John FitzPatrick TE Georgia
8%
3 67 New York Giants Joshua Ezeudu OG North Carolina
8%
6 218 Tampa Bay Buccaneers Ko Kieft TE Minnesota
8%
5 163 Tennessee Titans Kyle Philips WR UCLA
8%
2 39 Chicago Bears Kyler Gordon CB Washington
8%
3 65 Jacksonville Jaguars Luke Fortner C Kentucky
8%
2 57 Tampa Bay Buccaneers Luke Goedeke OT Central Michigan
8%
6 188 Detroit Lions Malcolm Rodriguez LB Oklahoma State
8%
5 175 Las Vegas Raiders Matthew Butler DT Tennessee
8%
4 117 New York Jets Micheal Clemons DE Texas A&M
8%
4 113 WashingtonCommanders Percy Butler S Louisiana
8%
6 221 San Francisco 49ers Tariq Castro-Fields CB Penn State
8%
2 58 Atlanta Falcons Troy Andersen LB Montana State
8%
6 196 Baltimore Ravens Tyler Badie RB Missouri
8%
3 93 San Francisco 49ers Tyrion Davis-Price RB LSU
8%
5 157 Tampa Bay Buccaneers Zyon McCollum CB Sam Houston State
8%
6 189 Carolina Panthers Amaré Barno DE Virginia Tech
4%
3 66 Minnesota Vikings Brian Asamoah LB Oklahoma
4%
6 199 Carolina Panthers Cade Mays OG Tennessee
4%
3 102 Miami Dolphins Channing Tindall LB Georgia
4%
4 136 Cincinnati Bengals Cordell Volson OT North Dakota State
4%
5 145 Kansas City Chiefs Darian Kinnard OT Kentucky
4%
6 182 New York Giants Darrian Beavers LB Cincinnati
4%
3 82 Atlanta Falcons DeAngelo Malone DE Western Kentucky
4%
5 152 Denver Broncos Delarrin Turner-Yell S Oklahoma
4%
3 84 Pittsburgh Steelers DeMarvin Leal DE Texas A&M
4%
6 212 Los Angeles Rams Derion Kendrick CB Georgia
4%
6 192 Indianapolis Colts Drew Ogletree TE Youngstown State
4%
7 254 Chicago Bears Elijah Hicks S California
4%
4 116 Denver Broncos Eyioma Uwazurike DT Iowa State
4%
7 232 Denver Broncos Faion Hicks CB Wisconsin
4%
6 195 Los Angeles Chargers Jamaree Salyer OG Georgia
4%
6 217 Detroit Lions James Houston IV OLB Jackson State
4%
7 252 Cincinnati Bengals Jeffrey Gunter DE Coastal Carolina
4%
5 178 Dallas Cowboys John Ridgeway III DT Arkansas
4%
2 46 Detroit Lions Josh Paschal DE Kentucky
4%
7 242 Carolina Panthers Kalon Barnes CB Baylor
4%
3 104 Los Angeles Rams Logan Bruss OG Wisconsin
4%
5 171 Denver Broncos Luke Wattenberg C Washington
4%
5 146 New York Giants Micah McFadden LB Indiana
4%
4 108 Cleveland Browns Perrion Winfrey DT Oklahoma
4%
6 211 Los Angeles Rams Quentin Lake S UCLA
4%
7 253 Los Angeles Rams Russ Yeast S Kansas State
4%
4 134 San Francisco 49ers Spencer Burford OT UTSA
4%
7 228 Green Bay Packers Tariq Carpenter S Georgia Tech
4%
5 170 Houston Texans Teagan Quitoriano TE Oregon State
4%
7 238 Las Vegas Raiders Thayer Munford OT Ohio State
4%
5 150 Houston Texans Thomas Booker DT Stanford
4%
6 203 Chicago Bears Trestan Ebner RB Baylor
4%
7 260 Los Angeles Chargers Zander Horvath FB Purdue
4%
7 261 Los Angeles Rams A. J. Arcuri OT Michigan State
0%
7 248 Tampa BayBuccaneers Andre Anthony DE LSU
0%
7 245 New England Patriots Andrew Stueber OG Michigan
0%
6 205 Houston Texans Austin Deculus OT LSU
0%
7 231 Buffalo Bills Baylon Spector LB Clemson
0%
7 224 Miami Dolphins Cameron Goode OLB California
0%
6 210 New England Patriots Chasen Hines OG LSU
0%
7 244 Arizona Cardinals Christian Matthew CB Valdosta State
0%
6 216 Indianapolis Colts Curtis Brooks DT Cincinnati
0%
7 235 Los Angeles Rams Daniel Hardy DE Montana State
0%
7 246 Cleveland Browns Dawson Deaton C Texas Tech
0%
7 236 Los Angeles Chargers Deane Leonard CB Ole Miss
0%
6 193 Dallas Cowboys Devin Harper LB Oklahoma State
0%
5 147 New York Giants D. J. Davidson NT Arizona State
0%
6 207 Chicago Bears Doug Kramer C Illinois
0%
5 165 Minnesota Vikings Esezi Otomewo DE Minnesota
0%
6 197 Jacksonville Jaguars Gregory Junior CB Ouachita Baptist
0%
7 256 Arizona Cardinals Jesse Luketa LB Penn State
0%
6 190 Atlanta Falcons Justin Shaffer OG Georgia
0%
6 209 Buffalo Bills Luke Tenuta OT Virginia Tech
0%
5 173 New York Giants Marcus McKethan OG North Carolina
0%
7 257 Arizona Cardinals Marquis Hayes OG Oklahoma
0%
6 206 Denver Broncos Matt Henningsen DT Wisconsin
0%
5 155 Dallas Cowboys Matt Waletzko OT North Dakota
0%
4 126 Las Vegas Raiders Neil Farrell Jr. DT LSU
0%
7 227 Minnesota Vikings Nick Muse TE South Carolina
0%
6 187 San Francisco 49ers Nick Zakelj OT Fordham
0%
5 160 Los Angeles Chargers Otito Ogbonnia DT UCLA
0%
6 200 New England Patriots Sam Roberts DE Northwest Missouri State
0%
5 172 San Francisco 49ers Samuel Womack CB Toledo
0%
7 255 ChicagoBears Trenton Gill P NC State
0%
6 184 Minnesota Vikings Vederian Lowe OT Illinois
0%
No matching quizzes found
Score Distribution
Percent of People with Each Score
Percentile by Number Answered
Your Score History
You have not taken this quiz